[Event "Marseille op 4th"]
[Site "Marseille"]
[Date "2011.12.26"]
[Round "1"]
[White "Lucas, Jacques"]
[Black "Savalle, Alexandre"]
[Result "0-1"]
[WhiteElo "1430"]
[BlackElo "1875"]
[PlyCount "126"]
[EventDate "2011.12.26"]
[EventType "swiss"]
[EventRounds "9"]
[EventCountry "FRA"]
[SourceTitle "CBM 146 Extra"]
[Source "ChessBase"]
[SourceDate "2012.02.29"]
[SourceVersion "1"]
[SourceVersionDate "2012.02.29"]
[SourceQuality "1"]

1. c4 e5 2. Nc3 Nf6 3. Nf3 Nc6 4. g3 d5 5. cxd5 Nxd5 6. Bg2 Nb6 7. b3 Be7 8. Bb2 f6 9. 0-0 0-0 10. Rc1 a5 11. a3 Be6 12. e3 f5 13. d4 exd4 14. Nxd4 Nxd4 15. exd4 c6 16. Re1 Bf7 17. Ne2 a4 18. b4 Nc4 19. Rc2 Bf6 20. Qd3 Nxb2 21. Rxb2 Re8 22. Rbb1 Qe7 23. Nf4 Qxe1+ 24. Rxe1 Rxe1+ 25. Bf1 Rd8 26. Qd2 Ra1 27. Kg2 Rxd4 28. Qc2 Rxa3 29. Qxf5 Rd8 30. Nh5 Bc3 31. Nf4 Bxb4 32. Ne6 Rd5 33. Qe4 Bd6 34. Bc4 Re5 35. Qg4 g6 36. f4 Re4 37. Ng5 Rxc4 38. Qc8+ Bf8 39. Qc7 Bd5+ 40. Kh3 Bc5 41. Qxh7+ Kf8 42. Qxg6 b5 43. Qf6+ Ke8 44. Qh8+ Kd7 45. Qg7+ Kc8 46. Nf7 Rxf4 47. Qh8+ Kb7 48. Nd8+ Kb6 49. Qg7 Rc4 50. Qe5 Ka5 51. Nb7+ Kb4 52. Qe1+ Rac3 53. Qb1+ Rb3 54. Qe1+ Rcc3 55. Qe5 a3 56. Qc7 Rb2 57. Qa5+ Kb3 58. Qc7 a2 59. Na5+ Kc2 60. Qf4 a1Q 61. Qf5+ Rd3 62. Nxc6 Qe1 63. Ne5 Qe4 0-1

[Event "Marseille op 4th"]
[Site "Marseille"]
[Date "2011.12.26"]
[Round "2"]
[White "Nerino Escoubet, Nicolas"]
[Black "Lucas, Jacques"]
[Result "1-0"]
[WhiteElo "1679"]
[BlackElo "1430"]
[PlyCount "117"]
[EventDate "2011.12.26"]
[EventType "swiss"]
[EventRounds "9"]
[EventCountry "FRA"]
[SourceTitle "CBM 146 Extra"]
[Source "ChessBase"]
[SourceDate "2012.02.29"]
[SourceVersion "1"]
[SourceVersionDate "2012.02.29"]
[SourceQuality "1"]

1. e4 d6 2. d4 g6 3. Nf3 Bg7 4. Bc4 Nf6 5. Qe2 0-0 6. Nc3 Nc6 7. 0-0 e5 8. dxe5 Nxe5 9. Nxe5 dxe5 10. Bg5 c6 11. Rad1 Qc7 12. Qf3 Bg4 13. Qe3 Bxd1 14. Rxd1 Rad8 15. Re1 b6 16. Qf3 Rd6 17. b4 b5 18. Bb3 a6 19. Be3 Nh5 20. Bc5 Rf6 21. Qh3 Rd8 22. a4 Nf4 23. Qe3 Ne6 24. Bb6 Qc8 25. Bxd8 Qxd8 26. Rd1 Nd4 27. axb5 axb5 28. Nxb5 cxb5 29. c3 Rd6 30. cxd4 exd4 31. Qf4 Rf6 32. Qg5 Qd7 33. Ra1 h6 34. Qd2 g5 35. Bc2 Re6 36. Ra8+ Bf8 37. Qd3 Qc6 38. e5 Rg6 39. Rb8 Qc4 40. Qf5 Qc3 41. g3 Kg7 42. Rb6 d3 43. Bxd3 Bxb4 44. Rxg6+ fxg6 45. Qxg6+ Kf8 46. Qxh6+ Ke8 47. Bxb5+ Kd8 48. Qxg5+ Be7 49. Qg8+ Kc7 50. Qc4+ Qxc4 51. Bxc4 Kc6 52. f4 Kc5 53. Be6 Kd4 54. Kf2 Ke4 55. h4 Bc5+ 56. Kg2 Be3 57. h5 Bxf4 58. gxf4 Kxf4 59. h6 1-0